[Event "Split op 9th"]
[Site "Split"]
[Date "2019.08.09"]
[Round "7"]
[White "Majhi, Ankit"]
[Black "Muha, Miljenko"]
[Result "0-1"]
[WhiteElo "2187"]
[BlackElo "2323"]
[PlyCount "142"]
[EventDate "2019.08.03"]
[EventType "swiss"]
[EventRounds "9"]
[EventCountry "CRO"]
[SourceTitle "CBM 191 Extra"]
[Source "ChessBase"]
[SourceDate "2019.09.30"]
[SourceVersion "1"]
[SourceVersionDate "2019.09.30"]
[SourceQuality "1"]

1. e4 e6 2. d4 d5 3. Nc3 Bb4 4. e5 c5 5. a3 Bxc3+ 6. bxc3 Qa5 7. Bd2 c4 8. Qg4 g6 9. h4 h6 10. h5 g5 11. Qg3 f5 12. exf6 Nxf6 13. f3 Nc6 14. Nh3 Bd7 15. Nf4 Rg8 16. Ng6 0-0-0 17. Ne5 Be8 18. Nxc6 Bxc6 19. Kd1 Rde8 20. Qd6 Nd7 21. Be2 Rgf8 22. g3 Nf6 23. Rb1 Rf7 24. Ra1 Nd7 25. f4 Nf6 26. Bf3 g4 27. Bg2 Ne4 28. Bxe4 dxe4 29. Re1 Rf5 30. Qb4 Qd5 31. Kc1 Rxh5 32. Kb2 Rh3 33. Re3 Rh2 34. Rd1 Kc7 35. Kc1 Qd6 36. Qa5+ Kb8 37. Rde1 Rf8 38. R3e2 Rxe2 39. Rxe2 Rf5 40. Qb4 Qxb4 41. cxb4 Rh5 42. Be1 Rh1 43. Kd2 Kc7 44. Kc3 a6 45. a4 Kd6 46. b5 axb5 47. axb5 Bd5 48. Kb4 h5 49. Kc3 Ke7 50. Kd2 Kf6 51. Ke3 Kf5 52. Kf2 h4 53. gxh4 Kxf4 54. Bd2+ Kf5 55. Bg5 c3 56. Bd8 Bc4 57. Kg2 Bxe2 58. Kxh1 Bxb5 59. Ba5 Ba4 60. Bxc3 Bxc2 61. Kg2 e3 62. Kg3 Bd1 63. Bb2 b5 64. Bc3 Bf3 65. Bb4 Ke4 66. h5 Kf5 67. Be7 e2 68. Bb4 Kg5 69. Be1 Kxh5 70. Kf4 Kg6 71. Ke5 b4 0-1

[Event "Wunsiedel op 10th"]
[Site "Wunsiedel"]
[Date "2016.05.05"]
[Round "2"]
[White "Danin, Alexandre"]
[Black "Majhi, Ankit"]
[Result "1-0"]
[WhiteElo "2581"]
[BlackElo "2231"]
[PlyCount "73"]
[EventDate "2016.05.05"]
[EventType "swiss"]
[EventRounds "7"]
[EventCountry "GER"]
[SourceTitle "CBM 172 Extra"]
[Source "ChessBase"]
[SourceDate "2016.06.21"]
[SourceVersion "1"]
[SourceVersionDate "2016.06.21"]
[SourceQuality "1"]

1. e4 c5 2. Nf3 d6 3. d4 cxd4 4. Nxd4 Nf6 5. Nc3 a6 6. Bc4 e6 7. 0-0 b5 8. Bb3 Bb7 9. Re1 Nbd7 10. Bg5 Nc5 11. Bd5 Qd7 12. Bxf6 gxf6 13. b4 Na4 14. Nxa4 bxa4 15. Bxb7 Qxb7 16. c3 Qd7 17. Qf3 Rc8 18. Qxf6 Rg8 19. Rad1 Bg7 20. Qf3 Be5 21. Qd3 Qb7 22. a3 Ke7 23. c4 Qc7 24. Rc1 Rgd8 25. Rc2 Qb6 26. Nf3 Bf6 27. Qe2 Qb8 28. g3 Rc6 29. Qe3 Rdc8 30. c5 dxc5 31. e5 Bg7 32. bxc5 h6 33. Rd1 Qb3 34. Nd4 Qxe3 35. Nxc6+ Rxc6 36. fxe3 Bxe5 37. Rb1 1-0

[Event "Hoogeveen Unive op 19th"]
[Site "Hoogeveen"]
[Date "2015.10.23"]
[Round "8"]
[White "Rosmuller, Anton J"]
[Black "Majhi, Ankit"]
[Result "0-1"]
[WhiteElo "2137"]
[BlackElo "2233"]
[PlyCount "74"]
[EventDate "2015.10.17"]
[EventType "swiss"]
[EventRounds "9"]
[EventCountry "NED"]
[SourceTitle "EXT 2017"]
[Source "ChessBase"]
[SourceDate "2016.10.25"]
[SourceVersion "1"]
[SourceVersionDate "2016.10.25"]
[SourceQuality "1"]

1. d4 Nf6 2. c4 g6 3. Nc3 Bg7 4. e4 d6 5. Nf3 0-0 6. Be2 e5 7. 0-0 Nc6 8. d5 Ne7 9. Ne1 Nd7 10. Be3 f5 11. f3 f4 12. Bf2 g5 13. Rc1 Ng6 14. c5 Nxc5 15. b4 Na6 16. Nd3 h5 17. Nb5 b6 18. Be1 Rf7 19. Nf2 Bf6 20. Qa4 Qe8 21. Qa3 g4 22. Nxd6 cxd6 23. fxg4 f3 24. Bxf3 Bg5 25. Rc6 Nc7 26. Nh3 Qd8 27. Rxd6 Qxd6 28. Nxg5 Rg7 29. gxh5 Nf4 30. h4 Nb5 31. Qe3 Nd4 32. Bc3 Nxf3+ 33. Rxf3 Nxh5 34. Ne6 Bxe6 35. Qh6 Rxg2+ 36. Kf1 Rg7 37. Ke1 Rd8 0-1

[Event "Dortmund Helmut Kohl"]
[Site "Dortmund"]
[Date "2015.07.04"]
[Round "8"]
[White "Bjerre, Jonas Buhl"]
[Black "Majhi, Ankit"]
[Result "1/2-1/2"]
[WhiteElo "2083"]
[BlackElo "2136"]
[PlyCount "72"]
[EventDate "2015.06.27"]
[EventType "tourn"]
[EventRounds "9"]
[EventCountry "GER"]
[SourceTitle "CBM 167 Extra"]
[Source "ChessBase"]
[SourceDate "2015.09.14"]
[SourceVersion "1"]
[SourceVersionDate "2015.09.14"]
[SourceQuality "1"]

1. e4 c5 2. Nf3 d6 3. d4 cxd4 4. Nxd4 Nf6 5. Nc3 a6 6. Bg5 Nbd7 7. Bc4 Qa5 8. Qd2 e6 9. 0-0-0 b5 10. Bb3 Bb7 11. Rhe1 Rc8 12. Nf5 b4 13. Nd5 Nc5 14. Qd4 e5 15. Qe3 Nfxe4 16. f4 Nxb3+ 17. Qxb3 Nc5 18. Qxb4 Qxb4 19. Nxb4 f6 20. Bh4 Be4 21. Ng3 Bxg2 22. Rd2 Bb7 23. Nd5 Kf7 24. fxe5 dxe5 25. b4 Na4 26. Nxf6 gxf6 27. Rd7+ Ke6 28. Rxb7 Rb8 29. Rxb8 Bh6+ 30. Kb1 Rxb8 31. a3 Bd2 32. Rf1 Bxb4 33. Rxf6+ Kd5 34. c4+ Kxc4 35. axb4 Rxb4+ 36. Kc1 Nc5 1/2-1/2

[Event "Dortmund Helmut Kohl"]
[Site "Dortmund"]
[Date "2015.07.01"]
[Round "5"]
[White "Majhi, Ankit"]
[Black "Lenaerts, Lennert"]
[Result "1/2-1/2"]
[WhiteElo "2136"]
[BlackElo "2217"]
[PlyCount "46"]
[EventDate "2015.06.27"]
[EventType "tourn"]
[EventRounds "9"]
[EventCountry "GER"]
[SourceTitle "CBM 167 Extra"]
[Source "ChessBase"]
[SourceDate "2015.09.14"]
[SourceVersion "1"]
[SourceVersionDate "2015.09.14"]
[SourceQuality "1"]

1. e4 e5 2. Nf3 Nc6 3. Bb5 g6 4. 0-0 Bg7 5. c3 a6 6. Bc4 Nge7 7. d4 d6 8. dxe5 dxe5 9. Be3 0-0 10. Qxd8 Nxd8 11. a4 Bd7 12. Rd1 Bc6 13. Nbd2 Nc8 14. Bd5 Bxd5 15. exd5 Re8 16. c4 f5 17. g3 Nf7 18. Ra2 a5 19. b3 Rd8 20. Ng5 Nxg5 21. Bxg5 Rd7 22. Nf1 b6 23. Rc2 Nd6 1/2-1/2

[Event "Maastricht Limburg op-A 9th"]
[Site "Maastricht"]
[Date "2015.05.25"]
[Round "6"]
[White "Majhi, Ankit"]
[Black "L'Ami, Alina"]
[Result "1/2-1/2"]
[WhiteElo "2178"]
[BlackElo "2381"]
[PlyCount "59"]
[EventDate "2015.05.22"]
[EventType "swiss"]
[EventRounds "7"]
[EventCountry "NED"]
[SourceTitle "CBM 166 Extra"]
[Source "ChessBase"]
[SourceDate "2015.06.18"]
[SourceVersion "1"]
[SourceVersionDate "2015.06.18"]
[SourceQuality "1"]

1. e4 c5 2. Nf3 d6 3. d4 cxd4 4. Nxd4 Nf6 5. Nc3 a6 6. f3 e5 7. Nb3 Be6 8. Be3 Be7 9. Qd2 0-0 10. 0-0-0 a5 11. a4 Na6 12. g4 Nb4 13. Kb1 Qc8 14. Rg1 Kh8 15. Bb5 d5 16. g5 Nh5 17. exd5 Bf5 18. Rc1 Qc7 19. Qf2 Rfc8 20. Rgd1 Nf4 21. h4 Qd6 22. Ne4 Qg6 23. Bxf4 exf4 24. Qd4 Rd8 25. h5 Qxh5 26. Qe5 Bxe4 27. Qxe4 Qxg5 28. Rh1 f5 29. Qe6 Qf6 30. Rxh7+ 1/2-1/2

[Event "Maastricht Limburg op-A 9th"]
[Site "Maastricht"]
[Date "2015.05.25"]
[Round "7"]
[White "Nachbar, Benjamin"]
[Black "Majhi, Ankit"]
[Result "1/2-1/2"]
[WhiteElo "2173"]
[BlackElo "2178"]
[PlyCount "90"]
[EventDate "2015.05.22"]
[EventType "swiss"]
[EventRounds "7"]
[EventCountry "NED"]
[SourceTitle "CBM 166 Extra"]
[Source "ChessBase"]
[SourceDate "2015.06.18"]
[SourceVersion "1"]
[SourceVersionDate "2015.06.18"]
[SourceQuality "1"]

1. c4 Nf6 2. Nc3 g6 3. e4 d6 4. d4 Bg7 5. Nf3 0-0 6. Be2 e5 7. d5 a5 8. h4 h5 9. Ng5 c6 10. Be3 Na6 11. f3 cxd5 12. cxd5 Bd7 13. Qd2 Qe7 14. 0-0 Rfc8 15. Rac1 Nc5 16. g3 Qe8 17. b3 b5 18. Nd1 Nh7 19. Nb2 Nxg5 20. hxg5 Bf8 21. Nd3 b4 22. Nxc5 dxc5 23. Bc4 Bd6 24. a4 bxa3 25. Ra1 a4 26. Rxa3 axb3 27. Rxa8 Rxa8 28. Bxb3 Ra3 29. Rb1 Bb5 30. Qf2 Bd3 31. Bc1 Bxb1 32. Bxa3 Qb5 33. Bc2 Ba2 34. Bd1 Bc4 35. Qb2 Qa6 36. Kf2 Bd3 37. Qc3 c4 38. Bxd6 Qxd6 39. Kg2 Qe7 40. Bc2 Bxc2 41. Qxc2 Qxg5 42. Qxc4 h4 43. Qc8+ Kh7 44. Qg4 Qd2+ 45. Kh3 Qd1 1/2-1/2

[Event "Lille Luce op 6th"]
[Site "Lille"]
[Date "2015.??.??"]
[Round "9.18"]
[White "Noordhoek, Henk P"]
[Black "Majhi, Ankit"]
[Result "0-1"]
[WhiteElo "2026"]
[BlackElo "2178"]
[PlyCount "98"]
[EventDate "2015.05.04"]
[EventType "swiss"]
[EventRounds "9"]
[EventCountry "FRA"]
[SourceTitle "EXT 2017"]
[Source "ChessBase"]
[SourceDate "2016.10.25"]
[SourceVersion "1"]
[SourceVersionDate "2016.10.25"]
[SourceQuality "1"]

1. e4 e5 2. Nf3 Nc6 3. Bc4 Nf6 4. Ng5 d5 5. exd5 Na5 6. Bb5+ c6 7. dxc6 bxc6 8. Bd3 h6 9. Ne4 Nd5 10. 0-0 Be7 11. Re1 0-0 12. Nbc3 f5 13. Ng3 Qc7 14. Bf1 Be6 15. d3 Nxc3 16. bxc3 c5 17. f4 Bd6 18. fxe5 Bxe5 19. Qe2 Nc6 20. Bf4 Bxf4 21. Qxe6+ Kh8 22. Rad1 Ne5 23. Be2 Rae8 24. Qd5 Rd8 25. Qb3 c4 26. Qa4 Be3+ 27. Kh1 cxd3 28. cxd3 Qxc3 29. Qb3 Qd4 30. Rf1 f4 31. Ne4 Qd5 32. Rb1 Nxd3 33. Rfd1 Qxb3 34. axb3 Ne5 35. h3 Rxd1+ 36. Rxd1 Rb8 37. Rb1 Nc6 38. Nc3 a5 39. Bc4 Ne5 40. Be6 Rb6 41. Bf5 g6 42. Be4 Rb4 43. Ba8 Rb8 44. Be4 Rb4 45. Ba8 Nd3 46. Nd5 Rb8 47. Nxe3 fxe3 48. Bf3 a4 49. Be2 Rxb3 0-1

[Event "Lisbon Christmas op"]
[Site "Lisbon"]
[Date "2014.12.26"]
[Round "1"]
[White "Majhi, Ankit"]
[Black "Vuilleumier, Alexandre"]
[Result "0-1"]
[WhiteElo "2129"]
[BlackElo "2333"]
[PlyCount "78"]
[EventDate "2014.12.26"]
[EventType "swiss"]
[EventRounds "9"]
[EventCountry "POR"]
[SourceTitle "CBM 164 Extra"]
[Source "ChessBase"]
[SourceDate "2015.03.02"]
[SourceVersion "1"]
[SourceVersionDate "2015.03.02"]
[SourceQuality "1"]

1. e4 e5 2. Nf3 Nc6 3. Bb5 f5 4. Nc3 fxe4 5. Nxe4 Nf6 6. Nxf6+ Qxf6 7. Qe2 Be7 8. Bxc6 bxc6 9. d4 Qg6 10. 0-0 d6 11. dxe5 0-0 12. Ne1 dxe5 13. Nd3 e4 14. Ne5 Qf5 15. Nxc6 Bd6 16. Be3 Bd7 17. Nd4 Qe5 18. f4 exf3 19. Nxf3 Qxb2 20. Qc4+ Kh8 21. Bd4 Qb4 22. Ne5 Rxf1+ 23. Rxf1 Qxc4 24. Nxc4 Bb5 25. Nxd6 Bxf1 26. Nf5 Bc4 27. a3 Kg8 28. Nxg7 c5 29. Be5 Rf8 30. g4 Rf1+ 31. Kg2 Re1 32. Bf6 Kf7 33. g5 Re2+ 34. Kg3 Be6 35. c3 Ra2 36. h4 Rxa3 37. Kf4 Ra1 38. Ke5 Bg4 39. Kd5 Rb1 0-1

[Event "Hoogeveen Unive op 18th"]
[Site "Hoogeveen"]
[Date "2014.10.18"]
[Round "9"]
[White "Majhi, Ankit"]
[Black "Henseler, Jorgen"]
[Result "1/2-1/2"]
[WhiteElo "2172"]
[BlackElo "2085"]
[PlyCount "93"]
[EventDate "2014.10.11"]
[EventType "swiss"]
[EventRounds "9"]
[EventCountry "NED"]
[SourceTitle "EXT 2015"]
[Source "ChessBase"]
[SourceDate "2014.11.20"]
[SourceVersion "1"]
[SourceVersionDate "2014.11.20"]
[SourceQuality "1"]

1. e4 c6 2. d4 d5 3. Nd2 dxe4 4. Nxe4 Nd7 5. Ng5 Ngf6 6. Bd3 e6 7. Qe2 Bd6 8. N1f3 h6 9. Ne4 Nxe4 10. Qxe4 Qc7 11. 0-0 b6 12. Qg4 Kf8 13. Qe4 Bb7 14. Qe2 Rd8 15. c3 c5 16. h3 Qc6 17. Re1 Nf6 18. Bd2 g5 19. Bb5 Qe4 20. Qxe4 Nxe4 21. Be3 Ke7 22. Ne5 Bxe5 23. dxe5 a6 24. Be2 f5 25. exf6+ Nxf6 26. c4 Rhg8 27. b4 cxb4 28. Bxb6 Rb8 29. Ba7 Rbc8 30. Rab1 a5 31. a3 Be4 32. Rb3 Bc2 33. Re3 b3 34. Bd4 Rgd8 35. Bc3 Ne4 36. Bb2 Rd2 37. Bc1 Rd4 38. Bb2 Rd2 39. a4 Nc5 40. Ba3 Kf7 41. Bh5+ Kg7 42. Rf3 Rd7 43. Bg4 Rf7 44. Rfe3 Bf5 45. Bh5 Rb7 46. g4 Bc2 47. Rxe6 1/2-1/2

[Event "Hoogeveen Unive op 18th"]
[Site "Hoogeveen"]
[Date "2014.10.17"]
[Round "8"]
[White "De Ruiter, Danny"]
[Black "Majhi, Ankit"]
[Result "1-0"]
[WhiteElo "2235"]
[BlackElo "2172"]
[PlyCount "87"]
[EventDate "2014.10.11"]
[EventType "swiss"]
[EventRounds "9"]
[EventCountry "NED"]
[SourceTitle "EXT 2015"]
[Source "ChessBase"]
[SourceDate "2014.11.20"]
[SourceVersion "1"]
[SourceVersionDate "2014.11.20"]
[SourceQuality "1"]

1. d4 Nf6 2. c4 g6 3. Nc3 Bg7 4. Nf3 0-0 5. g3 d6 6. Bg2 Nc6 7. 0-0 a6 8. Qd3 Bf5 9. e4 Bg4 10. Be3 Nd7 11. Nd2 Nf6 12. h3 Bd7 13. a3 Qc8 14. Kh2 e5 15. d5 Nd4 16. Bxd4 exd4 17. Ne2 c5 18. dxc6 bxc6 19. Nxd4 Rb8 20. Rab1 Rb6 21. b4 c5 22. Nc2 Qb8 23. bxc5 dxc5 24. Ne3 Be6 25. Nd5 Rb2 26. Nb3 Nd7 27. Rxb2 Bxb2 28. Rb1 Qe5 29. f4 Qg7 30. Na5 h5 31. Nc6 h4 32. g4 Kh8 33. e5 Nxe5 34. Nxe5 Bxe5 35. fxe5 Qxe5+ 36. Kh1 f5 37. Qd2 Kg7 38. Re1 Qd6 39. Qb2+ Kg8 40. Nf6+ Kf7 41. Nh7 Bxc4 42. Nxf8 fxg4 43. Nh7 gxh3 44. Ng5+ 1-0

[Event "Hoogeveen Unive op 18th"]
[Site "Hoogeveen"]
[Date "2014.10.14"]
[Round "4"]
[White "Tondivar, Babak"]
[Black "Majhi, Ankit"]
[Result "1-0"]
[WhiteElo "2288"]
[BlackElo "2172"]
[PlyCount "93"]
[EventDate "2014.10.11"]
[EventType "swiss"]
[EventRounds "9"]
[EventCountry "NED"]
[SourceTitle "EXT 2015"]
[Source "ChessBase"]
[SourceDate "2014.11.20"]
[SourceVersion "1"]
[SourceVersionDate "2014.11.20"]
[SourceQuality "1"]

1. d4 Nf6 2. Nf3 g6 3. g3 Bg7 4. Bg2 d6 5. 0-0 0-0 6. a4 Nc6 7. a5 Bd7 8. a6 b5 9. d5 Nb4 10. Nc3 Qc8 11. Nd4 Bh3 12. e4 Bxg2 13. Kxg2 c5 14. dxc6 Nxa6 15. Ndxb5 Qxc6 16. f3 Qb7 17. Be3 Nc5 18. Bxc5 dxc5 19. Ra2 a6 20. Na3 Rfd8 21. Qe2 Ne8 22. Na4 Qc6 23. Nc4 Nd6 24. Nab6 Rab8 25. Nxd6 exd6 26. Nd5 Re8 27. Qc4 Qb5 28. Qxb5 axb5 29. c3 b4 30. cxb4 cxb4 31. b3 f5 32. Ra7 Bd4 33. Rd7 fxe4 34. Ne7+ Kf7 35. Nc6+ Ke6 36. Rxh7 Kd5 37. Nxb8 Rxb8 38. fxe4+ Kxe4 39. Rh4+ Kd3 40. Rd1+ Kc2 41. Rhxd4 Kxb3 42. Rxd6 Kc2 43. R6d2+ Kc3 44. Rf2 b3 45. Rb1 b2 46. h4 Rb4 47. Kh3 1-0

[Event "Hoogeveen Unive op 18th"]
[Site "Hoogeveen"]
[Date "2014.10.13"]
[Round "3"]
[White "Majhi, Ankit"]
[Black "Schoorl, Rob"]
[Result "1/2-1/2"]
[WhiteElo "2172"]
[BlackElo "2330"]
[PlyCount "77"]
[EventDate "2014.10.11"]
[EventType "swiss"]
[EventRounds "9"]
[EventCountry "NED"]
[SourceTitle "EXT 2015"]
[Source "ChessBase"]
[SourceDate "2014.11.20"]
[SourceVersion "1"]
[SourceVersionDate "2014.11.20"]
[SourceQuality "1"]

1. e4 e5 2. Nf3 Nc6 3. Bb5 a6 4. Ba4 Nf6 5. 0-0 b5 6. Bb3 Bb7 7. d3 Bd6 8. a4 h6 9. axb5 axb5 10. Rxa8 Bxa8 11. Na3 Bxa3 12. bxa3 0-0 13. Bb2 Re8 14. Qa1 d6 15. Qa2 Qd7 16. a4 bxa4 17. Bxa4 Rb8 18. Bc3 Qe7 19. Rb1 Rxb1+ 20. Qxb1 Nd7 21. Bb3 Nb6 22. Qa2 Nb8 23. Qa7 Nc6 24. Qa2 Nb8 25. Nd2 N8d7 26. Nc4 Qf8 27. Qa7 Qc8 28. Ba5 Nxc4 29. Bxc4 Bb7 30. Bd2 Nb6 31. Bb3 Qa8 32. Qxa8+ Bxa8 33. Be3 Kf8 34. f4 exf4 35. Bxf4 Ke7 36. Kf2 c5 37. c4 Bc6 38. Ke3 Nd7 39. Bd1 1/2-1/2

[Event "Helmond De Legibus op"]
[Site "Helmond"]
[Date "2014.06.28"]
[Round "2"]
[White "Majhi, Ankit"]
[Black "Hansen, Eric"]
[Result "0-1"]
[WhiteElo "2155"]
[BlackElo "2584"]
[PlyCount "62"]
[EventDate "2014.06.28"]
[EventType "swiss (rapid)"]
[EventRounds "9"]
[EventCountry "NED"]
[SourceTitle "EXT 2018"]
[Source "ChessBase"]
[SourceDate "2017.10.13"]
[SourceVersion "1"]
[SourceVersionDate "2017.10.13"]
[SourceQuality "1"]

1. e4 c5 2. Nf3 e6 3. d4 cxd4 4. Nxd4 a6 5. Nc3 Qc7 6. Be2 Nf6 7. 0-0 Bb4 8. Bf3 Nc6 9. Bg5 Ne5 10. Bxf6 gxf6 11. Nce2 h5 12. c3 Be7 13. Re1 b6 14. Qc2 Bb7 15. Rad1 0-0-0 16. Nc1 Ng4 17. g3 Rdg8 18. Nd3 h4 19. Bxg4 Rxg4 20. Qe2 Rxe4 21. Qxe4 Bxe4 22. Rxe4 Qb7 23. Rde1 hxg3 24. fxg3 d5 25. Rg4 f5 26. Rf4 Bd6 27. Rf2 Qc7 28. Re3 Kb7 29. Kg2 Rg8 30. a4 f4 31. Ref3 fxg3 0-1

[Event "NED-ch U17"]
[Site "Rotterdam"]
[Date "2014.04.28"]
[Round "3"]
[White "Beerdsen, Thomas"]
[Black "Majhi, Ankit"]
[Result "1/2-1/2"]
[WhiteElo "2196"]
[BlackElo "2128"]
[PlyCount "78"]
[EventDate "2014.04.26"]
[EventType "swiss"]
[EventRounds "9"]
[EventCountry "NED"]
[SourceTitle "EXT 2016"]
[Source "ChessBase"]
[SourceDate "2015.10.08"]
[SourceVersion "1"]
[SourceVersionDate "2015.10.08"]
[SourceQuality "1"]

1. e4 e5 2. Nf3 Nc6 3. Bb5 a6 4. Ba4 Nf6 5. d3 b5 6. Bb3 Be7 7. Nc3 d6 8. a3 0-0 9. Be3 h6 10. 0-0 Be6 11. Rc1 Qd7 12. d4 exd4 13. Bxd4 Bg4 14. Be3 Rad8 15. h3 Bh5 16. Bf4 Rfe8 17. Re1 Bf8 18. Qd3 Bxf3 19. Qxf3 Nd4 20. Qd3 c5 21. Bd5 Ne6 22. Bg3 c4 23. Qd2 Nc5 24. f3 Be7 25. Rcd1 Nh5 26. Bh2 Bh4 27. Re2 Ng3 28. Re3 Qa7 29. Ne2 Bg5 30. Nd4 Ncxe4 31. fxe4 Nxe4 32. Bxe4 Bxe3+ 33. Qxe3 d5 34. Be5 dxe4 35. Bxg7 Re6 36. c3 Qb6 37. h4 Rd5 38. Bxh6 Rxh6 39. Qxe4 Rdd6 1/2-1/2

[Event "Groningen op-A 51st"]
[Site "Groningen"]
[Date "2013.12.29"]
[Round "8"]
[White "Maris, Ivo"]
[Black "Majhi, Ankit"]
[Result "1/2-1/2"]
[WhiteElo "2161"]
[BlackElo "2058"]
[PlyCount "66"]
[EventDate "2013.12.21"]
[EventType "swiss"]
[EventRounds "9"]
[EventCountry "NED"]
[SourceTitle "CBM 158 Extra"]
[Source "ChessBase"]
[SourceDate "2014.02.28"]
[SourceVersion "1"]
[SourceVersionDate "2014.02.28"]
[SourceQuality "1"]

1. d4 Nf6 2. c4 g6 3. Nc3 Bg7 4. e4 d6 5. Nf3 0-0 6. Be2 e5 7. 0-0 Nc6 8. d5 Ne7 9. Ne1 Nd7 10. Be3 f5 11. f3 f4 12. Bf2 g5 13. a4 Ng6 14. a5 a6 15. Nd3 Rf7 16. c5 Bf8 17. c6 Nf6 18. Qb3 bxc6 19. dxc6 Qe8 20. Nb4 Rb8 21. Qc4 g4 22. fxg4 Nxg4 23. Bxg4 Bxg4 24. Nxa6 f3 25. Nd5 Qe6 26. Bg3 Rxb2 27. Ra2 f2+ 28. Bxf2 Be2 29. Qxe2 Rxe2 30. Rxe2 Nf4 31. Nxf4 exf4 32. Rc1 Bh6 33. Rcc2 Qe5 1/2-1/2

[Event "Groningen op-A 51st"]
[Site "Groningen"]
[Date "2013.12.24"]
[Round "4"]
[White "Calzetta Ruiz, Monica"]
[Black "Majhi, Ankit"]
[Result "1/2-1/2"]
[WhiteElo "2234"]
[BlackElo "2058"]
[PlyCount "68"]
[EventDate "2013.12.21"]
[EventType "swiss"]
[EventRounds "9"]
[EventCountry "NED"]
[SourceTitle "CBM 158 Extra"]
[Source "ChessBase"]
[SourceDate "2014.02.28"]
[SourceVersion "1"]
[SourceVersionDate "2014.02.28"]
[SourceQuality "1"]

1. e4 e5 2. Nf3 Nc6 3. Bb5 a6 4. Ba4 Nf6 5. 0-0 Be7 6. Re1 b5 7. Bb3 0-0 8. a4 Bb7 9. d3 Re8 10. Nbd2 Bf8 11. c3 d5 12. exd5 Nxd5 13. axb5 axb5 14. Rxa8 Bxa8 15. d4 Nf4 16. Ne4 h6 17. Bc2 Ng6 18. Qd3 exd4 19. Qxb5 dxc3 20. Rd1 cxb2 21. Bxb2 Qb8 22. Qxb8 Nxb8 23. Nfd2 Bb4 24. f3 Rd8 25. Ra1 Nc6 26. Nc4 Bb7 27. Ne3 Nce5 28. Nf5 Bc8 29. Ra8 Rf8 30. Neg3 Bc5+ 31. Kf1 Be6 32. Rxf8+ Kxf8 33. f4 Bc4+ 34. Ke1 Bd3 1/2-1/2

[Event "Groningen op-A 51st"]
[Site "Groningen"]
[Date "2013.12.22"]
[Round "2"]
[White "Schoehuys, Erik"]
[Black "Majhi, Ankit"]
[Result "1-0"]
[WhiteElo "2180"]
[BlackElo "2058"]
[PlyCount "61"]
[EventDate "2013.12.21"]
[EventType "swiss"]
[EventRounds "9"]
[EventCountry "NED"]
[SourceTitle "CBM 158 Extra"]
[Source "ChessBase"]
[SourceDate "2014.02.28"]
[SourceVersion "1"]
[SourceVersionDate "2014.02.28"]
[SourceQuality "1"]

1. d4 Nf6 2. c4 g6 3. Nc3 Bg7 4. e4 d6 5. Nf3 0-0 6. h3 Na6 7. Be3 e5 8. d5 Nc5 9. Nd2 a5 10. g4 c6 11. Be2 cxd5 12. cxd5 Bd7 13. g5 Ne8 14. h4 f5 15. h5 f4 16. Bxc5 dxc5 17. h6 Bh8 18. Bg4 Ra6 19. Na4 Bxg4 20. Qxg4 Qe7 21. Rc1 c4 22. Rxc4 Nd6 23. Rc1 f3 24. Nc5 Rf4 25. Qe6+ Qxe6 26. Nxe6 Rg4 27. Kf1 Ra8 28. Rh3 Nxe4 29. Nxe4 Rxe4 30. Rxf3 Rb4 31. Rfc3 1-0

[Event "Groningen op-A 51st"]
[Site "Groningen"]
[Date "2013.12.21"]
[Round "1"]
[White "Majhi, Ankit"]
[Black "Estremera Panos, Sergio"]
[Result "0-1"]
[WhiteElo "2058"]
[BlackElo "2365"]
[PlyCount "78"]
[EventDate "2013.12.21"]
[EventType "swiss"]
[EventRounds "9"]
[EventCountry "NED"]
[SourceTitle "CBM 158 Extra"]
[Source "ChessBase"]
[SourceDate "2014.02.28"]
[SourceVersion "1"]
[SourceVersionDate "2014.02.28"]
[SourceQuality "1"]

1. e4 e5 2. Nf3 Nc6 3. Bb5 a6 4. Ba4 Nf6 5. 0-0 Nxe4 6. d4 b5 7. Bb3 d5 8. dxe5 Be6 9. c3 Be7 10. Qe2 0-0 11. Nbd2 Bf5 12. Nd4 Nxd4 13. cxd4 c5 14. Nxe4 dxe4 15. dxc5 Bxc5 16. Rd1 Qb6 17. Bf4 Rae8 18. a4 Bd4 19. a5 Qa7 20. Rac1 Bxe5 21. Be3 Qb8 22. Bc5 Bxh2+ 23. Kh1 Bf4 24. Bxf8 Bxc1 25. Bxg7 Kxg7 26. Rxc1 Qf4 27. Rc6 e3 28. f3 Rc8 29. Rxc8 Bxc8 30. g3 Qd4 31. Kg2 Bf5 32. f4 Kf8 33. g4 Bd3 34. Qd1 Qxb2+ 35. Kh3 e2 36. Qxd3 e1Q 37. Qd8+ Qe8 38. Qd6+ Qe7 39. Qh6+ Qg7 0-1

[Event "Vlissingen HZ op 17th"]
[Site "Vlissingen"]
[Date "2013.08.09"]
[Round "8"]
[White "Lacrosse, Marc"]
[Black "Majhi, Ankit"]
[Result "1/2-1/2"]
[WhiteElo "2203"]
[BlackElo "2069"]
[PlyCount "98"]
[EventDate "2013.08.03"]
[EventType "swiss"]
[EventRounds "9"]
[EventCountry "NED"]
[SourceTitle "CBM 155 Extra"]
[Source "ChessBase"]
[SourceDate "2013.08.26"]
[SourceVersion "1"]
[SourceVersionDate "2013.08.26"]
[SourceQuality "1"]

1. d4 Nf6 2. c4 g6 3. Nc3 Bg7 4. e4 d6 5. Be2 0-0 6. Be3 e5 7. Nf3 Nbd7 8. 0-0 Re8 9. d5 Nh5 10. g3 Bf8 11. Ne1 Ng7 12. Nd3 f5 13. f3 Be7 14. Qd2 Nf6 15. Nf2 Rf8 16. b4 h5 17. Bg5 Nh7 18. Bxe7 Qxe7 19. Nd3 g5 20. Rac1 f4 21. c5 Bh3 22. Rf2 Rf6 23. Bf1 Bxf1 24. Rfxf1 fxg3 25. hxg3 Raf8 26. Kg2 h4 27. g4 a6 28. Nd1 Qf7 29. Ne3 h3+ 30. Kh2 Rxf3 31. Nf5 Rxf5 32. gxf5 Qh5 33. Qd1 g4 34. Rg1 Ng5 35. Qxg4 Nf3+ 36. Kh1 Nxg1 37. Rxg1 Qh6 38. Qg5 Qxg5 39. Rxg5 Kf7 40. Rg6 Ne8 41. Nf2 Nf6 42. Rh6 b6 43. Rxh3 bxc5 44. bxc5 Rb8 45. cxd6 cxd6 46. Rb3 Rxb3 47. axb3 a5 48. Kg2 Nd7 49. Nd3 Nc5 1/2-1/2

[Event "Dieren op"]
[Site "Dieren"]
[Date "2013.07.27"]
[Round "5"]
[White "Majhi, Ankit"]
[Black "Schouten, Nico"]
[Result "0-1"]
[WhiteElo "2069"]
[BlackElo "2222"]
[PlyCount "96"]
[EventDate "2013.07.23"]
[EventType "swiss"]
[EventRounds "9"]
[EventCountry "NED"]
[SourceTitle "EXT 2015"]
[Source "ChessBase"]
[SourceDate "2014.11.20"]
[SourceVersion "1"]
[SourceVersionDate "2014.11.20"]
[SourceQuality "1"]

1. e4 e5 2. Nf3 Nc6 3. Bb5 a6 4. Ba4 Nf6 5. 0-0 Nxe4 6. d4 b5 7. Bb3 d5 8. dxe5 Be6 9. Nbd2 Nxd2 10. Qxd2 Qd7 11. c3 Bc5 12. Qg5 Be7 13. Qxg7 0-0-0 14. Qh6 Rdg8 15. g3 Bc5 16. Be3 Bf8 17. Qf6 Be7 18. Qh6 Rg6 19. Qf4 h5 20. Bd4 Rg4 21. Qe3 Na5 22. Nd2 Nb7 23. Ba7 h4 24. a4 hxg3 25. fxg3 Rhg8 26. Bd1 R4g6 27. axb5 axb5 28. Bh5 R6g7 29. Nb3 Bh4 30. Bc5 Kb8 31. Ba7+ Kc8 32. Rf3 Bg4 33. Bd4 Nd8 34. e6 Nxe6 35. Bxg7 d4 36. Nxd4 Bxf3 37. Ra8+ Bxa8 38. Bf3 Rxg7 39. Bxa8 Nxd4 40. cxd4 Bf6 41. d5 Rg4 42. Qf3 Bd4+ 43. Kg2 Rg6 44. Qa3 Qd6 45. Qd3 Qe5 46. h4 Qe3 47. Qf5+ Kb8 48. g4 Rf6 0-1